Statistics for Empires Flag-Shape Quiz

Click here to take the quiz!

General Stats

  • This quiz has been taken 333 times
  • The average score is 13 of 16

Answer Stats

Answer% Correct
British Empire
98%
German Empire
96%
Ottoman Empire
96%
Qing Empire
96%
Mongol Empire
95%
Roman Empire
94%
Austro-Hungarian Empire
93%
French Empire
93%
Korean Empire
93%
Russian Empire
93%
Empire of Brazil
89%
Holy Roman Empire
83%
Georgian Empire
81%
Ethiopian Empire
72%
Byzantine Empire
51%
Central African Empire
23%

Score Distribution

Percentile by Number Answered

Percent of People with Each Score

Your Score History

You have not taken this quiz